000 00463nam a2200181Ia 4500
008 151018s9999 xx 000 0 und d
082 _bRBASDV30748
_a621.385
100 _aNavkala Roy
245 _aThe Telehone :Howit works
250 _b7
260 _bChildren Books Trust
_c1998
300 _a32
600 _aNavkala Roy
630 _aThe Telehone :Howit works
700 _aNavkala Roy
730 _aThe Telehone :Howit works
942 _cBOOK
999 _c1030288
_d1030285